| 000 | 02349cam a2200337 4500500 | ||
|---|---|---|---|
| 005 | 20251228072548.0 | ||
| 041 | _afre | ||
| 042 | _adc | ||
| 100 | 1 | 0 |
_aBertrand, Valérie _eauthor |
| 700 | 1 | 0 |
_aBlanquet, Brigitte _eauthor |
| 245 | 0 | 0 | _aDe l’espace ouvert à l’espace habité. Étude d’un dispositif groupal à médiation dédié à des sujets en situation d’errance |
| 260 | _c2021. | ||
| 500 | _a76 | ||
| 520 | _aCet article témoigne d’une double réflexion de psychosociologue et de psychologue clinicienne sur la problématique d’un public dit « exclus ». Les auteures interrogent les effets d’un dispositif groupal à médiation, un atelier d’écriture au sein d’un centre d’hébergement et d’orientation, dédié à des hommes sans domicile fixe. Elles proposent un aménagement du cadre suffisant en prenant en compte le mouvement libertaire de ces sujets errants. | ||
| 520 | _aThis article presents the combined reflections of a psychosociologist and a clinical psychologist on the problem of a “public” said to be excluded. The authors look at the effects of a mediation group setting, namely, a writing workshop within a centre providing shelter and orientation for homeless men. They propose a sufficient variation in the setting, taking into account the libertarian movement of these errant subjects. | ||
| 520 | _aEste artículo testimonia la doble reflexión de psicosociólogo y psicólogo clínico sobre la problemática de un público denominado “excluido”. Las autoras examinan los efectos de un dispositivo de mediación grupal, un taller de escritura en un centro de acogida y orientación para hombres sin hogar. Proponen una reorganización del marco adecuado que tenga en cuenta el movimiento libertario de estos sujetos errantes. | ||
| 690 | _adispositif | ||
| 690 | _aécriture | ||
| 690 | _aErrance | ||
| 690 | _aexclusion | ||
| 690 | _agroupe | ||
| 690 | _amédiation | ||
| 690 | _aErrant | ||
| 690 | _aexclusion | ||
| 690 | _agroup | ||
| 690 | _amediation | ||
| 690 | _asetting | ||
| 690 | _awriting | ||
| 786 | 0 | _nRevue de psychothérapie psychanalytique de groupe | 77 | 2 | 2021-11-26 | p. 177-189 | 0297-1194 | |
| 856 | 4 | 1 | _uhttps://shs.cairn.info/revue-de-psychotherapie-psychanalytique-de-groupe-2021-2-page-177?lang=fr&redirect-ssocas=7080 |
| 999 |
_c1594242 _d1594242 |
||